Megkezdődött a néptáncfesztivál [fényképpel] /

Elmentve itt :
Bibliográfiai részletek
Szerző: Enyedi Zoltán
Dokumentumtípus: Cikk
Megjelent: 1970-07-16
Sorozat:Délmagyarország 60 No. 165
Kulcsszavak:Néptáncfesztivál Szeged 1970, néptáncfesztivál
Online Access:http://dmarchiv.bibl.u-szeged.hu/75576
LEADER 00513nab a2200157 i 4500
001 delm75576
005 20180928084258.0
008 180928s1970 hu o 0|| hun d
040 |a SZTE Délmagyarország Archívum  |b hun 
041 |a hun 
100 1 |a Enyedi Zoltán 
245 1 0 |a Megkezdődött a néptáncfesztivál   |h [elektronikus dokumentum] :  |b [fényképpel] /  |c  Enyedi Zoltán 
260 |c 1970-07-16 
300 |a 5 
490 0 |a Délmagyarország  |v 60 No. 165 
695 |a Néptáncfesztivál Szeged 1970, néptáncfesztivál